| 000 | 00368nam a2200109Ia 4500 | ||
|---|---|---|---|
| 008 | 171204s9999 xx 000 0 und d | ||
| 245 | _aMurdoch's World: The Last Of The Old Media Empires: | ||
| 245 | _cDavid Folkenflik | ||
| 260 | _c2013 | ||
| 650 | _xADVANCED JOURNALISTIC WRITING & PUBLICATION | ||
| 856 | _uhttp://down.ebook777.com/028/MurWorTheLasOfTheOldMedEmp.pdf | ||
| 999 |
_c346019 _d346019 |
||